000 01353cam a2200325 i 4500
001 22254
003 BD-RjUL
005 20211209000803.0
008 140306s1979 enkabef b 001 0 eng
020 _a0500990298 :
035 _a(BD-RjUL)22319
040 _aDLC
_cDLC
_dBD-RjUL
_beng
041 _aeng
082 0 0 _a942.464
_219
_bWAM 1979
100 1 _aWainwright, G. J.
_968690
245 1 0 _aMount Pleasant, Dorset :
_bexcavations 1970-1971, incorporating an account of excavations undertaken at Woodhenge in 1970 /
_cby G. J. Wainwright ; with major contributions by D. Britton ... [et al.].
260 _aLondon :
_bSociety of Antiquaries of London : distributed by Thames and Hudson,
_c1979.
300 _axiv, 265 p., 37 leaves of plate :
_bill., maps, plans, tables ;
_c28 cm.
490 1 _aReports of the Research Committee of the Society of Antiquaries of London ; no. 37
504 _aBibliography: p. [257]-261.
650 0 _aExcavations (Archaeology)
_zEngland
_zDorset.
_968691
651 0 _aMount Pleasant Site (England)
_968692
651 0 _aWoodhenge (England)
_968693
651 0 _aDorset (England)
_xAntiquities.
_968694
830 0 _vno. 37.
_968712
830 0 _aReports of the Research Committee of the Society of Antiquaries of London ;
_968696
942 _2ddc
_cBK
999 _c22254
_d22254